000 00536ntaaa2200193 4500
003 01
005 20251027203202.0
008 0714s1973 ag 01
020 _a9505511353
040 _aAR-BaBN
_bspa
_cAR-BaBN
_eaacr
_dRIC
082 _a226 P61i
100 _aPietrantonio, Ricardo
_99537
245 _aItinerario bĂ­blico III
250 _a1 ed.
260 _aBuenos Aires :
_bEd. Aurora,
_c1985 ;
_c22,5 cm.
650 _aBIBLIA-NUEVO TESTAMENTO-INTRODUCCIONES
650 _aBIBLIA-NUEVO TESTAMENTO-EVANGELIOS
_96719
942 _cBK
999 _c27336
_d27336